| 000 | 00840nmm a2200265 a 4500 | ||
|---|---|---|---|
| 001 | ocm000719404 | ||
| 003 | TR-IsHL | ||
| 005 | 20201028153439.0 | ||
| 008 | 140402s2000 tu tur | ||
| 007 | cr cn | ||
| 020 | _a9789756791219 | ||
| 035 |
_a719404 _b(N$T) |
||
| 050 | 0 | 4 |
_aBP189.7.N7 _bK35 2000 |
| 090 | 0 | 4 |
_aBP189.7.N7 _bK35 2000 |
| 100 | 1 | _aKaleli, Lütfi | |
| 245 | 1 | 0 |
_aAlevi kimliği ve Alevi örgütlenmeleri _h[electronic resource] / _cLütfi Kaleli |
| 260 |
_aİstanbul : _bCan Yayınları, _c2000 |
||
| 300 | _a368 p. | ||
| 650 | 4 | _aFelsefe, Psikoloji ve Din | |
| 650 | 4 | _aPhilosophy, Psychology and Religion | |
| 650 | 0 | _aAlevilik | |
| 650 | 0 | _aAlevism | |
| 650 | 7 |
_aRELIGION / Islam / Sufi _2bisacsh |
|
| 856 | 4 | 0 | _uhttp://search.ebscohost.com/login.aspx?direct=true&scope=site&db=e011xww&AN=719404 |
| 999 |
_c12052 _d12052 |
||